000 00361nam a2200145Ia 4500
008 230917s9999||||xx |||||||||||||| ||und||
040 _e73762
_aMAIN
041 _aEnglish
082 _a658.4 H667O
100 _aHodgetts, Richard M
245 0 _aOrganizational behaviour
260 _aPhiladelphia
_bW B Saunders
_c1979
300 _ax, 427 p.
942 _cBK
999 _c199875
_d199875